000 00407nam a2200181Ia 4500
001 13132
008 140402s9999 xx 000 0 und d
020 _a0-534-95448-0
040 _cPK-LaUMT
082 _a 513.2
_bYOS-P
100 _aYoshiwara, Katherine
245 _aPrealgebra
_cYoshiwara, Katherine
260 _c1997
300 _a444 p.
546 _aEN
650 _aMathematics
942 _cBK
999 _c13839
_d13839